| 000 | 00447nam a22001337a 4500 | ||
|---|---|---|---|
| 008 | 230321b |||||||| |||| 00| 0 eng d | ||
| 020 | _a0195718054. | ||
| 050 | _aDT1974.2.B67 200 | ||
| 100 |
_aBoraine,Alex _931475 |
||
| 245 |
_aAcountry unmasked: _binside South Africa's truth and reconciliation commission, _cAlex,Boraine |
||
| 260 |
_aSouth Africa: _bOxiford Press, South Africa _c2000. |
||
| 300 |
_axv; _b466p, _c24cm. |
||
| 942 |
_2lcc _cMONOGRAPH |
||
| 999 |
_c131692 _d131692 |
||